Microsoft Visual Basic 6.0 và lập trình cơ sở dữ liệu

Αποθηκεύτηκε σε:
Λεπτομέρειες βιβλιογραφικής εγγραφής
Κύριος συγγραφέας: Nguyễn Thị Ngọc Mai.
Άλλοι συγγραφείς: Hoàng Đức Hải., Nguyễn Thị Kim Trang.
Μορφή: Βιβλίο
Γλώσσα:Vietnamese
Έκδοση: Tp.HCM : Giáo dục, 2000.
Θέματα:
Ετικέτες: Προσθήκη ετικέτας
Δεν υπάρχουν, Καταχωρήστε ετικέτα πρώτοι!
Thư viện lưu trữ: Mạng thư viện Đại học Đà Nẵng
LEADER 01434cmm a2200373 a 4500
001 000043464
003 1432
005 20060112154227.0
008 010217b2000 vm 000 vie
040 |a LRC  |c LRC  |d LRC 
041 0 |a vie 
082 1 4 |a 005.13  |b NG-M 
100 1 |a Nguyễn Thị Ngọc Mai. 
245 1 0 |a Microsoft Visual Basic 6.0 và lập trình cơ sở dữ liệu  |h [Computer file - Đĩa máy tính] /  |c Nguyễn Thị Ngọc Mai (chủ biên), Nguyễn Thị Kim Trang, Hoàng Đức Hải ; Cố vấn khoa học GSTS. Nguyễn Hữu Anh. 
260 |a Tp.HCM :  |b Giáo dục,  |c 2000. 
300 |a 1 floppy disk ;  |c 3 1/2 in. +  |e 1 sách (1075 tr. ;  |c 23,3 cm.). 
630 0 4 |a Tin học. 
630 0 4 |a Visual Basic. 
630 0 4 |a Computer program language. 
650 0 4 |a Microsoft Visual Basic (Ngôn ngữ lập trình máy tính) 
700 1 |a Hoàng Đức Hải. 
700 1 |a Nguyễn Thị Kim Trang. 
OWN |a DUT 
AVA |a UDN50  |b DUT  |c Visual  |d 005.13 NG-M  |e available  |t Error 5001 Not defined in file expand_doc_bib_avail.  |f 4  |g 0  |h N  |i 0  |j AV  |k 1 
999 |a From the UDN01 
AVA |a UDN50  |b DUT  |c Visual  |d 005.13 NG-M  |e available  |t Error 5001 Not defined in file expand_doc_bib_avail.  |f 4  |g 0  |h N  |i 0  |j AV  |k 1 
TYP |a Computer file 
TYP |a Monograph 
980 |a Mạng thư viện Đại học Đà Nẵng